Tiempo y espacio.
保存先:
| 第一著者: | |
|---|---|
| その他の著者: | |
| フォーマット: | 図書 |
| 言語: | 英語 |
| 出版事項: |
Madrid, España:
EDAF,
1986.
|
| シリーズ: | Colección Biblioteca EDAF,
|
| 主題: | |
| タグ: |
タグ追加
タグなし, このレコードへの初めてのタグを付けませんか!
|
MARC
| LEADER | 00000nam a22000007a 4500 | ||
|---|---|---|---|
| 003 | CL-VaPUC | ||
| 005 | 20241127092742.0 | ||
| 008 | 241120t1986 ||||| |||| 00| 0 eng d | ||
| 999 | |c 445828 |d 445826 | ||
| 020 | |a 84-7166-985-4 | ||
| 040 | |c Pontificia Universidad Católica de Valparaíso | ||
| 082 | |2 22 |a 861.6 JIM 1986 | ||
| 100 | |9 858379 |a Jiménez, Juan Ramón, |d 1881-1958 |e autor | ||
| 245 | |a Tiempo y espacio. | ||
| 260 | |a Madrid, España: |b EDAF, |c 1986. | ||
| 300 | |a 172 páginas. | ||
| 490 | |a Colección Biblioteca EDAF, |n 175. | ||
| 500 | |a c.1: Donación. Memo EDU. 4-11-2024. | ||
| 583 | |c 20241120 |k Yessy Sthefany Diaz Vidal | ||
| 600 | 0 | |9 858379 |a Jiménez, Juan Ramón, |d 1881-1958 |v Crítica e interpretación |x Poeta español | |
| 650 | 0 | |9 264938 |a Poesía española |x Ética y estética |y Siglo 20 | |
| 700 | |9 894023 |a Villar, Arturo del |e prólogo y notas | ||
| 942 | |2 ddc |c BK | ||
| 952 | |0 0 |1 0 |2 ddc |4 0 |6 861_600000000000000_JIM_1986 |7 0 |8 A |9 598141 |a BIBEDU |b BIBEDU |d 2024-11-20 |e Donación |i 5663310 |o 861.6 JIM 1986 |p 5663310 |r 2024-11-20 |t 1 |w 2024-11-20 |y BK |k EDU | ||